000 00680cam a22002413a 4500
001 39206
003 PGUSA
005 20140828083854.0
008 120319s2012||||xxu|||||s|||||000 | eng d
040 _aPGUSA
_beng
042 _adc
100 1 _aKellogg, Vernon L.
_q(Vernon Lyman),
_d1867-1937
245 1 0 _aInsect Stories
_h[electronic resource] /
_cVernon L. Kellogg
260 _bProject Gutenberg,
_c2012
506 _aPublic domain in the USA.
516 _aElectronic text
700 1 _aWellman, Mary
700 1 _aShimada, Sekko
700 1 _aLanktree, Maud
830 0 _aProject Gutenberg
_v39206
856 4 0 _uhttp://www.gutenberg.org/ebooks/39206
942 _cEB
999 _c268459
_d268459